|
|
|
|
| LEADER |
00000nab#a22000007a#4500 |
| 001 |
arbauad043658 |
| 003 |
AR-BaUAD |
| 005 |
20250711113403.0 |
| 008 |
000419|||||||||###||||||b###|0###a|spa|| |
| 040 |
|
|
|a AR-BaUAD
|c AR-BaUAD
|b spa
|
| 100 |
|
|
|a Orefice, Michela
|
| 245 |
|
|
|a Shopping :
|b moda e casa tuttifrutti /
|c Michela Orefice;
|
| 300 |
0 |
|
|b fot.
|
| 653 |
|
|
|a OBJETOS
|
| 653 |
|
|
|a ADORNOS
|
| 653 |
|
|
|a FLOREROS
|
| 653 |
|
|
|a VAJILLA
|
| 653 |
|
|
|a MUEBLES
|
| 653 |
|
|
|a LAMPARAS
|
| 653 |
|
|
|a SEMANTICA
|
| 653 |
|
|
|a FLORES
|
| 653 |
|
|
|a FRUTOS
|
| 653 |
|
|
|a DISEÑO INDUSTRIAL
|
| 773 |
0 |
|
|t LA MIA CASA
|g no. 325 [mar. 2000], p. 8-10
|
| 942 |
|
|
|c ARTI
|
| 952 |
|
|
|0 0
|1 0
|4 0
|7 0
|9 88577
|a AR-BAuAD
|b AR-BAuAD
|d 2025-07-11
|l 0
|p AAQA043658
|r 2025-07-11 11:34:03
|w 2025-07-11
|y ARTI
|
| 990 |
|
|
|a DI200
|b TD
|
| 998 |
|
|
|a AAQ
|b BIBUN76
|
| 999 |
|
|
|c 68250
|d 68250
|